[Event "Olavarria op"]
[Site "Olavarria"]
[Date "2019.03.28"]
[Round "5"]
[White "Lamique, Agustin"]
[Black "Bianco, Andres"]
[Result "0-1"]
[WhiteElo "1238"]
[BlackElo "1481"]
[PlyCount "80"]
[EventDate "2019.03.11"]
[EventType "swiss"]
[EventRounds "9"]
[EventCountry "ARG"]
[SourceTitle "CBM 190 Extra"]
[Source "ChessBase"]
[SourceDate "2019.07.15"]
[SourceVersion "1"]
[SourceVersionDate "2019.07.15"]
[SourceQuality "1"]

1. c4 Nf6 2. g3 d5 3. e3 g6 4. Nc3 Bg7 5. d3 0-0 6. Bg2 c6 7. Nf3 Nbd7 8. 0-0 e5 9. e4 d4 10. Ne2 Ne8 11. b4 f5 12. Bg5 Nef6 13. exf5 gxf5 14. Re1 Qe8 15. Nc1 Ng4 16. Bh3 Qh5 17. Bxg4 fxg4 18. Nd2 Qxg5 19. Ne4 Qf5 20. Rf1 Nf6 21. Qe2 h5 22. f4 gxf3 23. Rxf3 Qg6 24. Nb3 Bg4 25. Raf1 Bxf3 26. Rxf3 Nxe4 27. Rxf8+ Rxf8 28. dxe4 Bh6 29. Kg2 Be3 30. c5 Qxe4+ 31. Kh3 Qg6 32. Qc4+ Kh8 33. Qe2 Rf2 34. Qxf2 Bxf2 35. Nd2 e4 36. Nf1 e3 37. Nxe3 dxe3 38. Kg2 Qe4+ 39. Kf1 e2+ 40. Kxf2 e1Q# 0-1

[Event "Olavarria op"]
[Site "Olavarria"]
[Date "2019.03.25"]
[Round "4"]
[White "Bianco, Andres"]
[Black "Indo, Raul Eduardo"]
[Result "0-1"]
[WhiteElo "1481"]
[BlackElo "1358"]
[PlyCount "80"]
[EventDate "2019.03.11"]
[EventType "swiss"]
[EventRounds "9"]
[EventCountry "ARG"]
[SourceTitle "CBM 190 Extra"]
[Source "ChessBase"]
[SourceDate "2019.07.15"]
[SourceVersion "1"]
[SourceVersionDate "2019.07.15"]
[SourceQuality "1"]

1. c4 e6 2. Nf3 f5 3. d4 c6 4. Nc3 Nf6 5. Bf4 d5 6. c5 Be7 7. e3 0-0 8. Be2 Nbd7 9. Ng5 Nb8 10. h3 Ne4 11. Ngxe4 dxe4 12. g4 Bg5 13. Bd6 Be7 14. Bh2 Bh4 15. Rf1 Na6 16. Qb3 Nc7 17. Nxe4 fxe4 18. 0-0-0 Nd5 19. f4 Bd7 20. Kb1 b5 21. Qc2 a5 22. Qxe4 b4 23. Bd3 Nf6 24. Qg2 a4 25. Rc1 b3 26. a3 Be8 27. g5 Nh5 28. Qg4 Bxg5 29. fxg5 Rxf1 30. Rxf1 Qd7 31. Bd6 Bg6 32. Bxg6 hxg6 33. Rf3 Re8 34. Qe4 Kh7 35. Qd3 e5 36. dxe5 Rxe5 37. Qf1 Rxg5 38. Rf7 Qxf7 39. Bf4 Qf5+ 40. Kc1 Qc2# 0-1